• 首页
  • 本馆介绍
  • 公告通知
  • 最新文献
  • 馆藏检索
  • 电子资源
  • 读者导购
  • 参考咨询
  • 我的图书馆
  • 登录
  • 详细信息显示
  • 放入我的书架
  • 预约/预借图书
  • 作者相关作品
  • 分类相关作品
  • 丛书相关作品
  • 出版社相关作品

书目信息

  • 表格格式
  • 工作单格式
  • 卡片格式
题名:
读字
    
 
作者: 谢飞东 , 聂晖 著
分册:  
出版信息: 北京   作家出版社  2012.9
页数: 410页
开本: 25cm
丛书名:
单 册:
中图分类: H12-49
科图分类:
主题词: 汉字--Han Zi--通俗读物 , 通俗读物--Tong Su Du Wu
电子资源:
ISBN: 978-7-5063-6606-9
000 01026nam0 22002531 450
001 351169
005 20161012092818.68
010    @a978-7-5063-6606-9@dCNY48.00
100    @a20121029e20142012em y0chiy50 ea
101 0  @achi
102    @aCN@b110000
105    @aa z 000yy
106    @ar
200 1  @a读字@ADu Zi@f谢飞东,聂晖著
210    @a北京@c作家出版社@d2012.9@h2014.3重印
215    @a410页@c图@d25cm
330    @a本书从汉字的复杂结构和构型要素出发,把汉字系统确定为二百四十个字根;再按照与字根对应的事物对字根进行分类,形成五个大类二十四个中类一百二十个小类,以囊括天地人万事万物;同时再配以大量文字字形图例,让人对汉字的起源、发展与演变有一个生动直观的印象;最后作者把汉字与相关的汉文化相联系,文中穿插了若干生动有趣的小故事、优美耐读的经典诗词,以及中西文化对比的内容。
606 0  @a汉字@AHan Zi@j通俗读物
606 0  @a通俗读物@ATong Su Du Wu
690    @aH12-49@v5
701  0 @a谢飞东@AXie Fei Dong@4著
701  0 @a聂晖@ANie Hui@4著
801  0 @aCN@bTANGWEI@c20160812
905    @b0893466-70@dH12-49@e169@f5
    
    读字/谢飞东,聂晖著 .-北京:作家出版社,2012.9(2014.3重印)
    410页:图;25cm
    
    
    ISBN 978-7-5063-6606-9:CNY48.00
    本书从汉字的复杂结构和构型要素出发,把汉字系统确定为二百四十个字根;再按照与字根对应的事物对字根进行分类,形成五个大类二十四个中类一百二十个小类,以囊括天地人万事万物;同时再配以大量文字字形图例,让人对汉字的起源、发展与演变有一个生动直观的印象;最后作者把汉字与相关的汉文化相联系,文中穿插了若干生动有趣的小故事、优美耐读的经典诗词,以及中西文化对比的内容。
●
相关链接 在E读中查询图书 在五车中查询图书 在当当中查询图书 在豆瓣中查询图书


正题名:读字     索取号:H12-49/169         预约/预借

序号 登录号 条形码 馆藏地/架位号 状态 备注
1 0893466   208934661   第二样本阅览室/ [索取号:H12-49/169] 在馆    
2 0893467   208934670   第四借阅区/ [索取号:H12-49/169] 在馆    
3 0893468   208934689   第四借阅区/ [索取号:H12-49/169] 在馆    
4 0893469   208934698   第四借阅区/ [索取号:H12-49/169] 在馆    
5 0893470   208934705   第四借阅区/ [索取号:H12-49/169] 在馆    
唐山师范学院图书馆 欢迎您!
大连网信软件有限公司© 版权所有